000
00346nam a2200157Ia 4500
003
OSt
005
20240125093711.0
008
170524s9999 xx 000 0 und d
020
_a
9789352606429
040
_c
IIMT UNIVERSITY
100
_a
NAG P.K
245
0
_a
ENGINEERING THERMODYNAMICS
260
_b
TMH
260
_c
2005
942
_2
ddc
_c
02
999
_c
5442
_d
5442